00389nam a2200169Ia 4500008004000000082001100040100002000051245004000071250000500111260004200116300000800158650001300166650001300179650000700192650001400199650000600213210210b1907 xxu||||| |||| 00| 0 eng d a544/95 aJONES (Harry C) aElements of physical chemistry Ed 3 a aNew YorkbThe Macmillan Companyc1907 a650 aphysical aElements aEd achemistry a3